| 000 | 00552nam a2200181Ia 4500 | ||
|---|---|---|---|
| 005 | 20250508165408.0 | ||
| 008 | 008 250505s9999 xx 000 0 eng d | ||
| 037 | _aDissertations | ||
| 040 |
_aFEDL _beng _cFEDL |
||
| 041 |
_aeng _2eng |
||
| 084 |
_a741.642, BAR/DI _qFEDL |
||
| 100 | _aBarkha | ||
| 245 | 0 | _aTrends in children's literature: The picture books for grade I and II | |
| 260 | _c2014 | ||
| 546 | _aM.Ed. Dissertation, (Delhi University); C D Included | ||
| 942 |
_cDIS _h741.642, BAR/DI |
||
| 999 |
_c1394867 _d1394867 |
||